[Event "Marmaris Karya-13 IM 2022"]
[Site "Icmeler-Marmaris"]
[Date "2022.01.30"]
[Round "10.3"]
[White "Karadag, Eflatun Cem"]
[Black "Darban, Morteza"]
[Result "0-1"]
[WhiteElo "1827"]
[BlackElo "2261"]
[Annotator "TA"]
[PlyCount "89"]
[EventDate "2022.01.27"]
[EventType "schev"]
[EventCountry "TUR"]
[SourceTitle "playchess.com"]
[Source "ChessBase"]
[SourceQuality "1"]

{[%evp 14,89,-16,-34,-27,-35,-34,-39,-38,-49,-41,-56,-61,-106,-54,-56,-51,-40,0,0,0,-81,-71,-98,-37,-43,0,0,0,-61,-64,-77,-75,-131,-108,-111,-59,-183,-69,-68,-72,-68,-65,-63,-46,-46,-46,-46,-46,-52,-61,-110,-109,-249,-210,-210,-210,-210,-210,-210,-210,-210,-210,-210,-210,-210,-202,-12838,-12837,-12837,-12838,-12838,-12839,-12844,-12844,-12845,-12846,-12850]} 1. e4 Nf6 2. d3 d5 3. Nd2 c5 4. Ngf3 Nc6 5. g3 e5 6. Bg2 Be7 7. O-O O-O $1 {The main line 7...0-0 scores better than 7...d4.} 8. h3 Re8 {A08: King's Indian Attack.} 9. exd5 Nxd5 (9... Qxd5 10. Re1 $14) 10. Re1 Bf8 {[#] Black is slightly better.} 11. Nc4 $146 {[%cal Rf3e5]} ({Predecessor:} 11. c3 f6 12. a4 Be6 13. Kh2 Qd7 14. Qc2 Rad8 15. b3 Nde7 16. Bf1 Bd5 17. Ba3 {0-1 (63) Krueger,D-Schwertel,G GER email 2002}) 11... f6 12. c3 Be6 13. d4 (13. h4 $15) 13... Nxc3 14. bxc3 $15 {Nb2 is the strong threat.} Bxc4 15. dxe5 fxe5 16. Qa4 b5 {[%cal Bb7b5,Bb5b4][%mdl 32]} 17. Qa6 (17. Qc2 $11 {keeps the balance.}) 17... Qc8 $1 $17 18. Qa3 h6 (18... Rb8 $17 19. Be3 Nd4 $1 {[%mdl 512]} 20. cxd4 cxd4) 19. Be3 $1 $15 ({Much worse is} 19. Nd2 Bf7 20. Ne4 Rb8 $17) 19... e4 (19... a5 $15 {was preferrable.}) 20. Nd2 $11 b4 21. Qb2 ({White should play} 21. Qa4 $11 Qa6 22. Qxa6 Bxa6 23. Bxe4) 21... Bd3 $15 {Strongly threatening ...c4. Black is more active.} 22. Rac1 c4 $36 {[%mdl 2048] And now ...Qe6 would win. White is under strong pressure.} 23. Bf4 (23. cxb4 $142 Bxb4 24. Nxc4) 23... Qf5 {Threatens to win with ...g5.} 24. cxb4 {[#]} Bxb4 (24... g5 $1 $17 25. Be3 (25. b5 $2 gxf4 26. Nxe4 Bg7 $19) 25... Bg7) 25. a3 (25. Nxc4 $15 Bxe1 26. Nd6 Bxf2+ 27. Qxf2) 25... Ba5 (25... Bxd2 $19 26. Qxd2 Rad8) 26. Nxc4 Bxc4 27. Rxc4 Bxe1 28. Rxc6 Rac8 29. Rxc8 Qxc8 30. Be3 Qd7 31. h4 Ba5 32. Qb3+ (32. Qc2 $15) 32... Kh8 33. Qc4 (33. Qb2 $17) 33... Qe7 34. Qb5 Bb6 35. Bxb6 axb6 36. Qxb6 e3 37. fxe3 Qxe3+ 38. Qxe3 Rxe3 $19 {[%mdl 4096] Endgame KR-KB} 39. Kf2 Rxa3 40. h5 $2 (40. Bd5) 40... Ra2+ {Black is clearly winning.} 41. Kf3 Kg8 42. Bf1 Ra4 43. Bd3 Ra3 44. Ke4 Kf7 45. Kd4 {Weighted Error Value: White=0.39/Black=0.14 (very precise)} 0-1

[Event "Marmaris Karya-13 IM 2022"]
[Site "Icmeler-Marmaris"]
[Date "2022.01.29"]
[Round "10.4"]
[White "Ozsakallioglu, Okan"]
[Black "Karadag, Eflatun Cem"]
[Result "1-0"]
[WhiteElo "2179"]
[BlackElo "1827"]
[Annotator "ChessBase"]
[PlyCount "77"]
[EventDate "2022.01.27"]
[EventType "schev"]
[EventCountry "TUR"]
[SourceTitle "playchess.com"]
[Source "ChessBase"]
[SourceQuality "1"]
[TimeControl "5400+30"]

1. Nf3 {[%emt 0:01:00]} d5 {[%emt 0:08:00]} 2. d4 {[%emt 0:18:30]} Nf6 {[%emt 0:02:30]} 3. c4 {[%emt 0:00:30]} e6 {[%emt 0:01:30]} 4. g3 {[%emt 0:00:00]} Be7 {[%emt 0:00:00]} 5. Bg2 {[%emt 0:00:00]} O-O {[%emt 0:00:00]} 6. O-O {[%emt 0:00:30]} dxc4 {[%emt 0:04:30]} 7. Qc2 {[%emt 0:00:00]} a6 {[%emt 0:00:30]} 8. a4 {[%emt 0:01:00]} Bd7 {[%emt 0:00:30]} 9. Qxc4 {[%emt 0:03:30]} Bc6 {[%emt 0:00:30]} 10. Nc3 {[%emt 0:02:30]} b5 {[%emt 0:01:30]} 11. Qd3 {[%emt 0:02:30]} b4 {[%emt 0:02:30]} 12. Nb1 {[%emt 0:00:30]} Be4 {[%emt 0:00:30]} 13. Qd1 {[%emt 0:00:00]} Nbd7 {[%emt 0:02:30]} 14. Nbd2 {[%emt 0:01:00]} Bb7 {[%emt 0:00:30]} 15. b3 {[%emt 0:01:30]} c5 {[%emt 0:00:30]} 16. Bb2 {[%emt 0:00:30]} Rc8 {[%emt 0:00:30]} 17. Rc1 {[%emt 0:00:30]} cxd4 {[%emt 0:00:30]} 18. Bxd4 {[%emt 0:03:30]} Rxc1 {[%emt 0:05:30]} 19. Qxc1 {[%emt 0:00:00]} Qa8 {[%emt 0:00:00]} 20. Qb2 {[%emt 0:01:00]} Rc8 {[%emt 0:02:00]} 21. Rc1 {[%emt 0:00:30]} Bc5 {[%emt 0:00:30]} 22. Bxc5 {[%emt 0:00:30]} Nxc5 {[%emt 0:04:30]} 23. Qd4 {[%emt 0:00:30]} Nce4 {[%emt 0:09:30]} 24. Rxc8+ {[%emt 0:00:30]} Qxc8 {[%emt 0:00:30]} 25. Qxb4 {[%emt 0:01:30]} Nc3 {[%emt 0:07:30]} 26. Bf1 {[%emt 0:02:30]} Ncd5 {[%emt 0:06:30]} 27. Qc4 {[%emt 0:00:30]} Qxc4 {[%emt 0:01:30]} 28. Nxc4 {[%emt 0:00:30]} Ne4 {[%emt 0:00:30]} 29. Nfd2 {[%emt 0:00:30]} Nxd2 {[%emt 0:00:30]} 30. Nxd2 {[%emt 0:00:30]} Kf8 {[%emt 0:00:30]} 31. Bg2 {[%emt 0:01:30]} Ke7 {[%emt 0:00:30]} 32. Nc4 {[%emt 0:00:00]} Bc6 {[%emt 0:01:30]} 33. Kf1 {[%emt 0:01:00]} f6 {[%emt 0:00:30]} 34. Ke1 {[%emt 0:00:30]} Kd7 {[%emt 0:02:30]} 35. Bxd5 {[%emt 0:00:30]} exd5 {[%emt 0:01:30]} 36. Na5 {[%emt 0:00:30]} Ba8 {[%emt 0:00:30]} 37. Kd2 {[%emt 0:00:30]} Ke6 {[%emt 0:02:30]} 38. b4 {[%emt 0:00:00]} Ke5 {[%emt 0:01:30]} 39. b5 1-0

[Event "Marmaris Karya-13 IM 2022"]
[Site "Icmeler-Marmaris"]
[Date "2022.01.30"]
[Round "10.4"]
[White "Boshra, Alshaeby"]
[Black "Ozsakallioglu, Okan"]
[Result "1/2-1/2"]
[WhiteElo "1974"]
[BlackElo "2179"]
[Annotator "ChessBase"]
[PlyCount "62"]
[EventDate "2022.01.27"]
[EventType "schev"]
[EventCountry "TUR"]
[SourceTitle "playchess.com"]
[Source "ChessBase"]
[SourceQuality "1"]
[TimeControl "5400+30"]

1. e4 {[%emt 0:01:00]} g6 {[%emt 0:01:00]} 2. d4 {[%emt 0:00:00]} Bg7 {[%emt 0:00:00]} 3. Nc3 {[%emt 0:00:00]} d6 {[%emt 0:00:00]} 4. Be3 {[%emt 0:00:30]} c6 {[%emt 0:00:30]} 5. a4 {[%emt 0:00:00]} Nd7 {[%emt 0:00:30]} 6. Nf3 {[%emt 0:01:00]} Ngf6 {[%emt 0:00:30]} 7. h3 {[%emt 0:00:30]} e5 {[%emt 0:00:30]} 8. dxe5 {[%emt 0:00:00]} dxe5 {[%emt 0:00:30]} 9. Bc4 {[%emt 0:01:00]} O-O {[%emt 0:00:30]} 10. Qd2 {[%emt 0:02:30]} Qe7 {[%emt 0:00:00]} 11. Qe2 {[%emt 0:21:30]} Nc5 {[%emt 0:04:00]} 12. Nd2 {[%emt 0:05:30]} Ne6 {[%emt 0:00:30]} 13. Bxe6 {[%emt 0:06:30]} Bxe6 {[%emt 0:03:30]} 14. Nb3 {[%emt 0:04:30]} b6 {[%emt 0:02:30]} 15. a5 {[%emt 0:00:00]} Nd7 {[%emt 0:00:30]} 16. O-O {[%emt 0:09:00]} f5 {[%emt 0:04:30]} 17. f3 {[%emt 0:00:30]} Qf7 {[%emt 0:00:30]} 18. Rfd1 {[%emt 0:01:30]} Nf6 {[%emt 0:04:30]} 19. axb6 {[%emt 0:01:30]} axb6 {[%emt 0:00:30]} 20. Bxb6 {[%emt 0:01:30]} Bxb3 {[%emt 0:00:30]} 21. cxb3 {[%emt 0:01:30]} Qxb3 {[%emt 0:00:30]} 22. Bc5 {[%emt 0:02:30]} Rxa1 {[%emt 0:00:00]} 23. Rxa1 {[%emt 0:00:30]} Re8 {[%emt 0:00:00]} 24. Ra3 {[%emt 0:00:30]} Qe6 {[%emt 0:00:30]} 25. b4 {[%emt 0:00:30]} Nh5 {[%emt 0:00:00]} 26. Qa2 {[%emt 0:03:30]} Nf4 {[%emt 0:00:00]} 27. Qxe6+ {[%emt 0:01:30]} Nxe6 {[%emt 0:00:30]} 28. Ra6 {[%emt 0:01:30]} Nd4 {[%emt 0:00:30]} 29. Kf2 {[%emt 0:02:30]} Bf8 {[%emt 0:00:30]} 30. Ne2 {[%emt 0:11:30]} fxe4 {[%emt 0:01:30]} 31. fxe4 {[%emt 0:01:30]} Nc2 {[%emt 0:00:30]} 1/2-1/2

[Event "Marmaris Karya-13 IM 2022"]
[Site "Icmeler-Marmaris"]
[Date "2022.01.29"]
[Round "10.5"]
[White "Ahmad, Al Khatib"]
[Black "Boshra, Alshaeby"]
[Result "1-0"]
[WhiteElo "2218"]
[BlackElo "1974"]
[Annotator "ChessBase"]
[PlyCount "65"]
[EventDate "2022.01.27"]
[EventType "schev"]
[EventCountry "TUR"]
[SourceTitle "playchess.com"]
[Source "ChessBase"]
[SourceQuality "1"]
[TimeControl "5400+30"]

1. d4 {[%emt 0:05:00]} Nf6 {[%emt 0:01:00]} 2. c4 {[%emt 0:00:00]} c5 {[%emt 0:00:00]} 3. Nf3 {[%emt 0:00:00]} g6 {[%emt 0:00:00]} 4. Nc3 {[%emt 0:00:30]} Bg7 {[%emt 0:00:30]} 5. g3 {[%emt 0:00:00]} O-O {[%emt 0:00:00]} 6. Bg2 {[%emt 0:00:00]} cxd4 {[%emt 0:00:00]} 7. Qxd4 {[%emt 0:00:30]} Nc6 {[%emt 0:00:30]} 8. Qh4 {[%emt 0:00:00]} Qa5 {[%emt 0:01:30]} 9. O-O {[%emt 0:00:00]} Qh5 {[%emt 0:00:30]} 10. Qxh5 {[%emt 0:00:30]} Nxh5 {[%emt 0:00:00]} 11. Bd2 {[%emt 0:00:30]} e6 {[%emt 0:00:00]} 12. Rfd1 {[%emt 0:00:00]} Nf6 {[%emt 0:00:00]} 13. Bf4 {[%emt 0:00:00]} d5 {[%emt 0:00:00]} 14. cxd5 {[%emt 0:00:30]} exd5 {[%emt 0:00:30]} 15. Ne5 {[%emt 0:00:00]} d4 {[%emt 0:00:00]} 16. Nxc6 {[%emt 0:00:00]} bxc6 {[%emt 0:00:00]} 17. Rxd4 {[%emt 0:00:30]} Nd5 {[%emt 0:00:30]} 18. Bxd5 {[%emt 0:00:30]} Bxd4 {[%emt 0:00:30]} 19. Bxc6 {[%emt 0:00:00]} Be6 {[%emt 0:00:00]} 20. Bxa8 {[%emt 0:00:00]} Rxa8 {[%emt 0:00:00]} 21. Rd1 {[%emt 0:00:30]} Rd8 {[%emt 0:00:30]} 22. Be5 {[%emt 0:00:00]} Bb6 {[%emt 0:00:30]} 23. Rxd8+ {[%emt 0:00:00]} Bxd8 {[%emt 0:00:00]} 24. b3 {[%emt 0:00:00]} a5 {[%emt 0:00:00]} 25. Bd4 {[%emt 0:00:00]} Kf8 {[%emt 0:00:30]} 26. f3 {[%emt 0:00:30]} Ke7 {[%emt 0:00:30]} 27. Kf2 {[%emt 0:00:00]} Bc7 {[%emt 0:00:00]} 28. e4 {[%emt 0:00:00]} f6 {[%emt 0:00:00]} 29. f4 {[%emt 0:00:30]} Bd6 {[%emt 0:00:30]} 30. Nd5+ {[%emt 0:00:00]} Bxd5 {[%emt 0:00:00]} 31. exd5 {[%emt 0:00:00]} Bb4 {[%emt 0:00:00]} 32. Ke3 {[%emt 0:00:30]} Kd7 {[%emt 0:00:00]} 33. Bxf6 1-0

[Event "Marmaris Karya-13 IM 2022"]
[Site "Icmeler-Marmaris"]
[Date "2022.01.30"]
[Round "10.5"]
[White "Haussernot, Cecile"]
[Black "Ahmad, Al Khatib"]
[Result "0-1"]
[WhiteElo "2188"]
[BlackElo "2218"]
[Annotator "ChessBase"]
[PlyCount "50"]
[EventDate "2022.01.27"]
[EventType "schev"]
[EventCountry "TUR"]
[SourceTitle "playchess.com"]
[Source "ChessBase"]
[SourceQuality "1"]
[TimeControl "5400+30"]

1. e4 {[%emt 0:11:00]} c6 {[%emt 0:01:00]} 2. d4 {[%emt 0:00:30]} d5 {[%emt 0:00:00]} 3. Nc3 {[%emt 0:00:30]} dxe4 {[%emt 0:00:00]} 4. Nxe4 {[%emt 0:00:00]} Nf6 {[%emt 0:00:30]} 5. Nxf6+ {[%emt 0:00:00]} exf6 {[%emt 0:00:00]} 6. c3 {[%emt 0:02:30]} Bd6 {[%emt 0:00:00]} 7. Bd3 {[%emt 0:05:30]} O-O {[%emt 0:00:30]} 8. Qc2 {[%emt 0:03:30]} Re8+ {[%emt 0:00:30]} 9. Be3 {[%emt 0:00:30]} h5 {[%emt 0:01:30]} 10. O-O-O {[%emt 0:02:30]} Be6 {[%emt 0:05:30]} 11. Kb1 {[%emt 0:01:30]} Nd7 {[%emt 0:04:30]} 12. Ne2 {[%emt 0:09:30]} Nf8 {[%emt 0:02:30]} 13. c4 {[%emt 0:11:30]} Rc8 {[%emt 0:08:30]} 14. h3 {[%emt 0:09:30]} b5 {[%emt 0:04:30]} 15. c5 {[%emt 0:02:30]} Bb8 {[%emt 0:00:30]} 16. g4 {[%emt 0:00:00]} Bd5 {[%emt 0:09:30]} 17. Rhg1 {[%emt 0:01:00]} h4 {[%emt 0:06:30]} 18. g5 {[%emt 0:01:30]} Bh2 {[%emt 0:02:30]} 19. Rg4 {[%emt 0:01:30]} Bf3 {[%emt 0:04:30]} 20. gxf6 {[%emt 0:02:30]} Qxf6 {[%emt 0:06:30]} 21. Bg5 {[%emt 0:01:30]} Qe6 {[%emt 0:04:30]} 22. Rxh4 {[%emt 0:00:30]} Ng6 {[%emt 0:02:30]} 23. d5 {[%emt 0:14:29]} cxd5 {[%emt 0:04:30]} 24. Rd2 {[%emt 0:01:35]} Nxh4 {[%emt 0:01:30]} 25. Bxh4 {[%emt 0:00:06]} Qh6 {[%emt 0:03:30]} 0-1